Responses for Show #1682 - Tuesday, December 17, 1991

India Cooper game 2.

Contestants

[<< previous game]

Mitch Fox, an editor from Brooklyn, New York

Mark Rhone, a consultant from Port Neches, Texas

India Cooper, an actor and copy editor originally from Denver, Colorado (whose 1-day cash winnings total $10,000)

[next game >>]

Jeopardy! Round responses

EUROPEAN HISTORY
FOOD
GEOGRAPHIC TERMS
TELEVISION
WINNING
LOSING
    $100 20
Westminster Abbey

India
    $100 3
Perrier

Mark
    $100 24
a province

India
    $100 13
The Simpsons

India
    $100 1
the bacon

India
    $100 9
face

India
    $200 21
Prussia

India
    $200 4
mutton

India
    $200 25
a waterfall

India
    $200 14
the Addams Family

Mitch
    $200 2
how you played the game

Mark
    $200 10
the Dodgers

Mark
    $300 22
El Cid

Mitch
    $300 5
pancakes

India
    $300 26
sierra

India
    $300 15
St. Elsewhere (St. Eligius)

India
    $300 6
a feather

Mark
    $300 11
Old Maid

India
    $400 29
the Warsaw Pact

India
    $400 18
paprika

Mitch
    $400 27
an atoll

India
    $400 16
James Earl Jones

Mark
    $400 7
the checkered flag

Mark
    $400 12
(Alex: Welcome to the game.)

Aristotle

Mitch
    $500 30
Hapsburg

Mark
    $800 23
albacore

Mitch
    $500 28
[Applause for India's run of the category]

an archipelago

India
    $500 19
Doc Adams

India
    $500 8
a Pyrrhic victory

Mark
    $500 17
Trafalgar

Mark

Scores at the first commercial break (after clue 17):

India Mark Mitch
$1,400 $2,600 $600

Scores at the end of the Jeopardy! Round:

India Mark Mitch
$4,100 $3,100 $2,100

Double Jeopardy! Round responses

LITERATURE
RELIGION
NAME'S THE SAME
OPERA
HAWAII
RECONSTRUCTION
    $200 1
Tess

India
    $200 21
a passion play

India
    $200 6
David Copperfield

Mark
    $200 16
oranges

India
    $200 26
A luau

India
    $200 7
Andrew Johnson

India
    $400 2
George Bernard Shaw

Mitch
    $400 22
a rosary

India
    $400 12
Dr. Watson

Mark
    $400 17
The Bartered Bride

India
    $400 27
coffee

Mitch
    $400 8
the Ku Klux Klan

Mark
    $600 3
The Rime of the Ancient Mariner

Mark
    $600 23
Yom Kippur

Mitch
    $600 13
(India: Who is Cabot?)
(Alex: Be more specific.)

Sebastian Cabot

India
    $2,000 18
Vienna

India
    $600 28
Dan Inouye

Mitch
    $1,800 9
Robert E. Lee

Mark
    $800 4
The Russia House

India
    $800 24
the Jesuits

India
    $800 14
James Watt

Mark
    $800 19
The Magic Flute

India
    $800 29
Kauai

Triple Stumper
    $800 10
Scalawags

Mark
    $1000 5
Karel Čapek

India
    $1000 25
the Hegira

India
    $1000 15
Louis Sullivan

India
    $1000 20
Benjamin Britten

Mitch
    $1000 30
the Earl of Sandwich

Mark
    $1000 11
Hayes

Mark

Scores at the end of the Double Jeopardy! Round:

India Mark Mitch
$13,900 $10,100 $5,100

[wagering suggestions for these scores]

Final Jeopardy! Round responses

PRESIDENTIAL RELATIVES
(Alex: Mark was staring at this clue for the longest time, and he took quite a while before he wrote anything down, I don't know--)
(Mark: It's supposed to be Elliott--E. Roosevelt.)
...
(Alex: [To India] Grandson of Ike, and son-in-law of Mr. Nixon.)
MitchWho was Ben Harrison?
$100
MarkWho is E. Roosev
$10,000
IndiaWho is David Eisenhower?
$10,101
David Eisenhower

Final scores:

India Mark Mitch
$24,001 $100 $5,000
2-day champion: $34,001 3rd place: Panasonic HP600 personal cellular phone with 90 minutes of continuous talk time + the Jeopardy! home game or the Jeopardy! Challenger 2nd place: Michael C. Fina Co. service for 8 fine handcrafted china in the Hancock pattern + Retroneu Center Stage service for 8 flatware + the Jeopardy! home game or the Jeopardy! Challenger

Game dynamics:

Coryat scores:

India Mark Mitch
$12,500 $8,900 $4,800
31 R
(including 1 DD),
0 W
18 R
(including 1 DD),
0 W
10 R
(including 1 DD),
0 W

Combined Coryat: $26,200

[game clues] [game scores] [suggest correction]

Game tape date: 1991-09-30
The J! Archive is created by fans, for fans. Scraping, republication, monetization, and malicious use prohibited; this site may use cookies and collect identifying information. See terms. The Jeopardy! game show and all elements thereof, including but not limited to copyright and trademark thereto, are the property of Jeopardy Productions, Inc. and are protected under law. This website is not affiliated with, sponsored by, or operated by Jeopardy Productions, Inc. Join the discussion at JBoard.tv.